000 00813nam a2200289Ia 4500
003 OSt
005 20221005090614.0
006 a|||||r|||| 00| 0
007 ta
008 221004b |||||||| |||| 00| 0 eng d
020 _a0070213216
_c560.75
024 _a84698
037 _b11199, 29/03/2006, Govinda Book House
_cTextual
040 _aCRL
_cCRL
_beng
041 _2eng
_aeng
082 _aX:9, M4
100 _aFlippo Edwin B.
245 0 _aPersonnel management
250 _a6th
260 _aNew York
_bMcGraw Hill Book Company U. S. A.
_c1984
300 _a607p.
_ccm.
650 _a ECONOMICS
650 _a LABOUR ECONOMICS
650 _aPERSONNEL MANAGEMENT
942 _hX:9, M4
_cTEXL
_2cc
999 _c996081
_d996081